000 01224nam a2200217Ia 4500
003 Ost
005 20260416102400.0
008 260416s9999||||xx |||||||||||||| ||und||
040 _cfsecg
041 _aara
082 _a352.33
100 _aبلعريبي،فاطمة الزهراء
_eمؤلف
245 0 _aمحاضرات في التقنيات الكمية لإتخاذ القرار :
_bموجهة لطلبة الماستر علوم التسيير :تخصص الادارة المالية /
_cفاطمة الزهراء بلعريبي
260 _aالجزائر
_bجامعة الجزائر3: كلية العلوم الإقتصادية، العلوم التجارية وعلوم التسيير
_c2023
300 _a117 ورقة
_bايضاحات
_c12 سم
504 _aالمراجع ص.110
520 _aنظرية اتخاذ القرار ،الاساليب الكمية لاتخاذ القرار ،مراجعة البرمجة الخطية،السلاسل الخطية ، سلاسل ماركوف
653 _aاتخاذ القرار
710 _aجامعة الجزائر3: كلية العلوم الإقتصادية، العلوم التجارية وعلوم التسيير
_eناشر علمي
942 _cHANDOUT
999 _c41402
_d41402